[Event "BAN-ch U20 Girls"]
[Site "Dhaka"]
[Date "2019.05.22"]
[Round "8"]
[White "Israt, Jahan Diba"]
[Black "Nusrat, Jahan Moni"]
[Result "1/2-1/2"]
[WhiteElo "1492"]
[BlackElo "1288"]
[PlyCount "119"]
[EventDate "2019.05.15"]
[EventType "swiss"]
[EventRounds "8"]
[EventCountry "BAN"]
[SourceTitle "EXT 2020"]
[Source "ChessBase"]
[SourceDate "2019.10.17"]
[SourceVersion "1"]
[SourceVersionDate "2019.10.17"]
[SourceQuality "1"]

1. e4 e6 2. d4 d5 3. e5 c5 4. c3 Nc6 5. Nf3 Qb6 6. Be2 cxd4 7. cxd4 Bb4+ 8. Nc3 Nge7 9. a3 Bxc3+ 10. bxc3 Bd7 11. Bd2 Na5 12. Rb1 Qc7 13. 0-0 b6 14. Qc2 h6 15. h3 Nc4 16. Bxc4 Qxc4 17. Qb3 Qxb3 18. Rxb3 Ba4 19. Rb4 b5 20. Be3 Kd7 21. Nd2 Rhc8 22. Rc1 Nc6 23. Rbb1 Na5 24. g4 Nc4 25. Nxc4 bxc4 26. Rb7+ Rc7 27. Rxc7+ Kxc7 28. f4 Rb8 29. Ra1 Rb3 30. Bd2 Rb2 31. Be1 Bb3 32. a4 Ra2 33. Rxa2 Bxa2 34. Bh4 a5 35. Kf2 Bb3 36. Ke1 Bxa4 37. Kd2 Bb3 38. Kc1 a4 39. Be7 g6 40. h4 h5 41. gxh5 gxh5 42. Kd2 Kd7 43. Ba3 Ke8 44. Ke3 f6 45. exf6 Kf7 46. Be7 a3 47. Bxa3 Kxf6 48. Bb4 Kf5 49. Be7 Bc2 50. Bd8 Bd3 51. Kf3 Be4+ 52. Kg3 Bb1 53. Bc7 Ke4 54. Ba5 Bc2 55. Bb4 Bd3 56. Be7 Kf5 57. Kf3 Be4+ 58. Ke3 Bd3 59. Bg5 Be4 60. Bd8 1/2-1/2

[Event "BAN-ch U20 Girls"]
[Site "Dhaka"]
[Date "2019.05.18"]
[Round "4"]
[White "Nusrat, Jahan Moni"]
[Black "Tasnia Tarannum, Orpa"]
[Result "0-1"]
[WhiteElo "1288"]
[BlackElo "1454"]
[PlyCount "62"]
[EventDate "2019.05.15"]
[EventType "swiss"]
[EventRounds "8"]
[EventCountry "BAN"]
[SourceTitle "EXT 2020"]
[Source "ChessBase"]
[SourceDate "2019.10.17"]
[SourceVersion "1"]
[SourceVersionDate "2019.10.17"]
[SourceQuality "1"]

1. e4 c5 2. c3 Nc6 3. Nf3 Nf6 4. d3 e5 5. Bg5 Be7 6. Be2 0-0 7. 0-0 d6 8. Bxf6 Bxf6 9. c4 Bg4 10. Nc3 Bxf3 11. Bxf3 Nd4 12. Bg4 Ne6 13. Bxe6 fxe6 14. b3 Rf7 15. Qe2 Qd7 16. Rab1 Bd8 17. Qe3 Ba5 18. Ne2 Raf8 19. f4 exf4 20. Rxf4 Rxf4 21. Nxf4 Bc3 22. Ne2 Be5 23. h3 Qf7 24. Kh1 Qf2 25. Qxf2 Rxf2 26. Re1 Bd4 27. h4 e5 28. Kh2 Kf7 29. Kg3 Be3 30. Kh2 Bd2 31. Rb1 Rxe2 0-1

[Event "BAN-ch U20 Girls"]
[Site "Dhaka"]
[Date "2019.05.16"]
[Round "2"]
[White "Nusrat, Jahan Moni"]
[Black "Nusrat Jahan, Alo"]
[Result "1/2-1/2"]
[WhiteElo "1288"]
[BlackElo "1481"]
[PlyCount "81"]
[EventDate "2019.05.15"]
[EventType "swiss"]
[EventRounds "8"]
[EventCountry "BAN"]
[SourceTitle "EXT 2020"]
[Source "ChessBase"]
[SourceDate "2019.10.17"]
[SourceVersion "1"]
[SourceVersionDate "2019.10.17"]
[SourceQuality "1"]

1. e4 c5 2. c3 e5 3. Nf3 Nc6 4. Bb5 d6 5. Bxc6+ bxc6 6. d4 cxd4 7. cxd4 exd4 8. Nxd4 c5 9. Nf3 Be7 10. Nc3 Nf6 11. Bg5 0-0 12. 0-0 Bb7 13. Bxf6 Bxf6 14. Nd5 Bxb2 15. Rb1 Bxd5 16. Qxd5 Bf6 17. Rfd1 Re8 18. Rb7 Re7 19. Rxe7 Bxe7 20. e5 dxe5 21. Qxd8+ Rxd8 22. Rxd8+ Bxd8 23. Nxe5 Bb6 24. Nc4 Kf8 25. Kf1 Ke7 26. Ke2 Ke6 27. Ke3 Kd5 28. Kd3 f5 29. f3 f4 30. Nd2 g5 31. Nc4 h6 32. Nd2 Ba5 33. Nc4 Bb4 34. a3 Be1 35. Nb2 h5 36. h3 Bf2 37. Nc4 Bd4 38. Nd2 Be3 39. Nc4 a6 40. Nb2 Bc1 41. Nc4 1/2-1/2

[Event "Dhaka (Women) op 10th"]
[Site "Dhaka"]
[Date "2019.01.28"]
[Round "2"]
[White "Noshin, Anjum"]
[Black "Nusrat, Jahan Moni"]
[Result "1-0"]
[WhiteElo "1650"]
[BlackElo "1311"]
[PlyCount "75"]
[EventDate "2019.01.27"]
[EventType "swiss"]
[EventRounds "7"]
[EventCountry "BAN"]
[SourceTitle "CBM 189 Extra"]
[Source "ChessBase"]
[SourceDate "2019.06.03"]
[SourceVersion "1"]
[SourceVersionDate "2019.06.03"]
[SourceQuality "1"]

1. e4 e6 2. d4 d5 3. Nc3 Bb4 4. e5 c5 5. a3 Bxc3+ 6. bxc3 c4 7. Qg4 g6 8. Bg5 Qa5 9. Kd2 Nc6 10. Ne2 Nge7 11. g3 Nf5 12. h4 h5 13. Qf4 Bd7 14. Bh3 Qc7 15. g4 hxg4 16. Bxg4 Nce7 17. h5 0-0-0 18. Bxf5 Nxf5 19. Bxd8 Qxd8 20. hxg6 fxg6 21. Qg4 Ne7 22. Nf4 Rxh1 23. Rxh1 Qg8 24. Rg1 Be8 25. Qxe6+ Qxe6 26. Nxe6 Kd7 27. Nf4 b5 28. Ke3 Nf5+ 29. Kf3 Ne7 30. Kg4 Kc7 31. Kg5 Kb6 32. Kf6 Nc6 33. Nxd5+ Kb7 34. Nb4 Nxb4 35. axb4 Kc6 36. Rxg6 Bxg6 37. Kxg6 Kd7 38. Kf7 1-0

[Event "BAN-ch (Women) 38th"]
[Site "Dhaka"]
[Date "2018.08.13"]
[Round "6"]
[White "Jannatul, Ferdous"]
[Black "Nusrat, Jahan Moni"]
[Result "1-0"]
[WhiteElo "1594"]
[BlackElo "1281"]
[PlyCount "89"]
[EventDate "2018.08.08"]
[EventType "swiss"]
[EventRounds "9"]
[EventCountry "BAN"]
[SourceTitle "EXT 2019"]
[Source "ChessBase"]
[SourceDate "2018.10.10"]
[SourceVersion "1"]
[SourceVersionDate "2018.10.10"]
[SourceQuality "1"]

1. e4 e5 2. Nf3 Nc6 3. Bc4 Bc5 4. c3 Nf6 5. d4 exd4 6. cxd4 Bb6 7. Nc3 d6 8. h3 h6 9. 0-0 0-0 10. Re1 Re8 11. Bb3 Ba5 12. Bc2 Bxc3 13. bxc3 b6 14. Ba4 Bd7 15. Bc2 Re7 16. Qd3 Qe8 17. Ba3 Nd8 18. e5 g6 19. exf6 Re6 20. d5 Rxe1+ 21. Rxe1 Qf8 22. Re7 Bf5 23. Qe2 Nb7 24. Bxf5 gxf5 25. Rxc7 Nc5 26. Bxc5 bxc5 27. Qe7 a5 28. Nh4 Re8 29. Qxf8+ Kxf8 30. Nxf5 h5 31. Ra7 Re5 32. Ra8+ Re8 33. Rxe8+ Kxe8 34. Nxd6+ Kf8 35. Nb7 a4 36. d6 Ke8 37. Nxc5 a3 38. g4 h4 39. g5 Kf8 40. d7 Kg8 41. d8Q+ Kh7 42. Qd3+ Kh8 43. g6 fxg6 44. Qd7 Kg8 45. Qg7# 1-0

[Event "BAN-ch U20 Girls"]
[Site "Dhaka"]
[Date "2018.05.08"]
[Round "4"]
[White "Nusrat, Jahan Moni"]
[Black "Kazi Zarin, Tasnim"]
[Result "0-1"]
[WhiteElo "1324"]
[BlackElo "1507"]
[PlyCount "50"]
[EventDate "2018.05.05"]
[EventType "swiss"]
[EventRounds "8"]
[EventCountry "BAN"]
[SourceTitle "CBM 184 Extra"]
[Source "ChessBase"]
[SourceDate "2018.06.28"]
[SourceVersion "1"]
[SourceVersionDate "2018.06.28"]
[SourceQuality "1"]

1. e4 e5 2. Nf3 Nc6 3. Bb5 a6 4. Ba4 Nf6 5. d3 b5 6. Bb3 Bc5 7. h3 d6 8. Bg5 h6 9. Bh4 Na5 10. c3 Nxb3 11. Qxb3 Be6 12. Qd1 Bb6 13. 0-0 g5 14. Bg3 0-0 15. Re1 Nh5 16. Bh2 g4 17. hxg4 Bxg4 18. Nbd2 Kh7 19. Rf1 Rg8 20. Kh1 Qf6 21. Qe1 Rg7 22. Ng1 Qg5 23. f3 Bxf3 24. Rf2 Bxg2+ 25. Rxg2 Qxg2# 0-1

[Event "BAN-ch U20 Girls"]
[Site "Dhaka"]
[Date "2018.05.06"]
[Round "2"]
[White "Nusrat, Jahan Moni"]
[Black "Ahmed, Walijah"]
[Result "0-1"]
[WhiteElo "1324"]
[BlackElo "1628"]
[PlyCount "114"]
[EventDate "2018.05.05"]
[EventType "swiss"]
[EventRounds "8"]
[EventCountry "BAN"]
[SourceTitle "CBM 184 Extra"]
[Source "ChessBase"]
[SourceDate "2018.06.28"]
[SourceVersion "1"]
[SourceVersionDate "2018.06.28"]
[SourceQuality "1"]

1. e4 c5 2. Nf3 e6 3. Nc3 a6 4. d4 cxd4 5. Nxd4 Qc7 6. Bd3 Nf6 7. 0-0 Bc5 8. Nb3 Be7 9. Qf3 Nc6 10. Re1 Ne5 11. Qe2 b5 12. Bf4 d6 13. Bxe5 dxe5 14. Nd1 Bb7 15. Ne3 h5 16. Rac1 Nxe4 17. Bxe4 Bxe4 18. Nf1 Bd5 19. Qxe5 Qxe5 20. Rxe5 Bf6 21. Re2 Bxb2 22. Rd1 Rd8 23. Ne3 Bc4 24. Rxd8+ Kxd8 25. Nxc4 bxc4 26. Rd2+ Kc7 27. Nc5 Kc6 28. Ne4 Be5 29. g3 Rb8 30. f4 Bc7 31. Kf1 Rb1+ 32. Ke2 Rh1 33. h4 Rh2+ 34. Kd1 Rxd2+ 35. Kxd2 Kd5 36. Ke3 Bb6+ 37. Kf3 f6 38. Nd2 f5 39. Nb1 Kd4 40. Ke2 c3 41. Kf3 Bc5 42. Ke2 Kc4 43. a3 Bd4 44. Kf3 e5 45. Ke2 e4 46. Ke1 a5 47. Ke2 a4 48. Ke1 Kd5 49. Ke2 g6 50. Ke1 e3 51. Ke2 Ke4 52. Kf1 Kf3 53. Nxc3 Bxc3 54. Kg1 e2 55. Kh2 e1Q 56. g4 Qg3+ 57. Kh1 Qg2# 0-1

[Event "Dhaka Shamsher Ali Cup 3rd"]
[Site "Dhaka"]
[Date "2018.03.03"]
[Round "2"]
[White "Jannatul, Ferdous"]
[Black "Nusrat, Jahan Moni"]
[Result "1-0"]
[WhiteElo "1682"]
[BlackElo "1349"]
[PlyCount "63"]
[EventDate "2018.03.02"]
[EventType "swiss"]
[EventRounds "7"]
[EventCountry "BAN"]
[SourceTitle "EXT 2019"]
[Source "ChessBase"]
[SourceDate "2018.10.10"]
[SourceVersion "1"]
[SourceVersionDate "2018.10.10"]
[SourceQuality "1"]

1. e4 e5 2. Nf3 Nc6 3. Bc4 Nf6 4. Ng5 d5 5. exd5 Nxd5 6. Nxf7 Kxf7 7. Qf3+ Ke6 8. Nc3 Nce7 9. d4 Qd6 10. 0-0 g6 11. Qg4+ Kf7 12. Qf3+ Ke6 13. Ne4 Qd8 14. Ng5+ Kd7 15. Nf7 Qe8 16. Bxd5 Nxd5 17. Qxd5+ Bd6 18. Nxh8 Qxh8 19. dxe5 Qxe5 20. Qxe5 Bxe5 21. c3 Ke6 22. Re1 Kf6 23. Bg5+ Kxg5 24. Rxe5+ Bf5 25. Re7 h5 26. Rxc7 b6 27. Kf1 a5 28. Rd1 Re8 29. Rc6 b5 30. Rcd6 Re5 31. R1d5 Rxd5 32. Rxd5 1-0

[Event "BAN-ch (Women) 37th"]
[Site "Dhaka"]
[Date "2017.08.27"]
[Round "8"]
[White "Nusrat, Jahan Moni"]
[Black "Ayaana, Chowdhury"]
[Result "1/2-1/2"]
[WhiteElo "1402"]
[BlackElo "1336"]
[PlyCount "66"]
[EventDate "2017.08.20"]
[EventType "swiss"]
[EventRounds "9"]
[EventCountry "BAN"]
[SourceTitle "CBM 180 Extra"]
[Source "ChessBase"]
[SourceDate "2017.10.06"]
[SourceVersion "1"]
[SourceVersionDate "2017.10.06"]
[SourceQuality "1"]

1. e4 e5 2. Nf3 Nc6 3. Bb5 a6 4. Ba4 Nf6 5. d3 h6 6. Nc3 Bc5 7. h3 0-0 8. 0-0 b5 9. Bb3 d6 10. a3 Re8 11. Re1 Nd4 12. Ba2 Be6 13. Bxe6 Rxe6 14. b4 Bb6 15. Be3 Rb8 16. Nd5 Ba7 17. c3 Nxf3+ 18. Qxf3 Bxe3 19. Qxe3 c6 20. Nxf6+ Rxf6 21. Re2 Re6 22. Qd2 Qd7 23. Rae1 Rbe8 24. Qe3 d5 25. Rd2 d4 26. cxd4 Qxd4 27. Qxd4 exd4 28. Rc2 f5 29. f3 Kf7 30. Kf2 Kf6 31. Ree2 g6 32. g3 h5 33. h4 R8e7 1/2-1/2

[Event "BAN-ch U16 Girls"]
[Site "Dhaka"]
[Date "2017.04.30"]
[Round "6"]
[White "Nusrat, Jahan Moni"]
[Black "Kazi Zarin, Tasnim"]
[Result "1-0"]
[WhiteElo "1364"]
[BlackElo "1295"]
[PlyCount "107"]
[EventDate "2017.04.25"]
[EventType "swiss"]
[EventRounds "7"]
[EventCountry "BAN"]
[SourceTitle "CBM 178 Extra"]
[Source "ChessBase"]
[SourceDate "2017.06.22"]
[SourceVersion "1"]
[SourceVersionDate "2017.06.22"]
[SourceQuality "1"]

1. e4 e5 2. Nf3 Nc6 3. Bb5 a6 4. Ba4 Bc5 5. Nc3 d6 6. 0-0 b5 7. Bb3 Bg4 8. h3 Bh5 9. a3 Nf6 10. d3 h6 11. Qe2 Nd4 12. Qd1 Nxf3+ 13. gxf3 Qd7 14. Kh2 0-0 15. Rg1 Kh8 16. Na2 Bxf2 17. Qf1 Bh4 18. Qg2 Rg8 19. Nc3 Raf8 20. Ne2 d5 21. Be3 d4 22. Bd2 Nh7 23. Ng3 Bg6 24. Ne2 Rc8 25. f4 exf4 26. Nxf4 Nf8 27. Nxg6+ Nxg6 28. Raf1 Ne5 29. Bf4 Bf6 30. Bxe5 Bxe5+ 31. Kh1 Rgf8 32. Rf5 f6 33. Be6 Qe7 34. Bxc8 Rxc8 35. Rf2 c5 36. Qg4 Rc7 37. Rf5 Qf8 38. Rf2 Qe7 39. Rf5 Qf8 40. Qf3 Qf7 41. Rf1 Kg8 42. Qg4 Qa2 43. Qg6 Re7 44. Rg1 Kh8 45. Rh5 Bf4 46. Rd5 Bc7 47. Rxc5 Qxb2 48. Qf5 Qa2 49. Qc8+ Qg8 50. Rxc7 Re8 51. Qd7 g6 52. Qxd4 Qe6 53. Qd7 Qg8 54. Qf7 1-0

[Event "BAN-ch U16 Girls"]
[Site "Dhaka"]
[Date "2017.04.27"]
[Round "3"]
[White "Jannatul, Ferdous"]
[Black "Nusrat, Jahan Moni"]
[Result "1-0"]
[WhiteElo "1568"]
[BlackElo "1364"]
[PlyCount "77"]
[EventDate "2017.04.25"]
[EventType "swiss"]
[EventRounds "7"]
[EventCountry "BAN"]
[SourceTitle "CBM 178 Extra"]
[Source "ChessBase"]
[SourceDate "2017.06.22"]
[SourceVersion "1"]
[SourceVersionDate "2017.06.22"]
[SourceQuality "1"]

1. e4 c5 2. Nf3 Nc6 3. d4 e6 4. Nc3 Nf6 5. Bc4 d5 6. exd5 exd5 7. Be2 Bg4 8. Bg5 Bxf3 9. Bxf3 c4 10. Nxd5 Be7 11. Nxf6+ Bxf6 12. Qe2+ Qe7 13. Bxf6 Qxe2+ 14. Bxe2 gxf6 15. Bxc4 Nxd4 16. 0-0-0 0-0-0 17. Bxf7 Ne2+ 18. Kb1 Rxd1+ 19. Rxd1 Rf8 20. Be6+ Kb8 21. g3 Kc7 22. Rd7+ Kc6 23. Rxh7 Rd8 24. c3 Ng1 25. Bg4 a5 26. Re7 Rg8 27. h3 f5 28. Bxf5 Nf3 29. Kc1 Rd8 30. Be4+ Kd6 31. Rxb7 Ng5 32. Bg2 Ke5 33. f4+ Kf5 34. Rb5+ Kg6 35. Rxg5+ Kf6 36. Rxa5 Re8 37. Kd2 Rd8+ 38. Rd5 Rxd5+ 39. Bxd5 1-0